000 01207nam a2200217Ia 4500
999 _c38080
_d38080
001 4066
003 GE_BSU
005 20191003114126.0
008 181216s1971||||ge |||||||||||||| ||geo||
040 _cGE_BSU
080 _a39(479.22) კ–14
245 _aკავკასიის ეთნოგრაფიული კრებული :
_bნაწ. 3. მთიულეთის ეთნოგრაფიის ნარკვევები.
_cრედ. ალ. რობაქიძე.
264 _aთბილისი :
_bმეცნიერება,
_c1971.
300 _a244 გვ. ;
_b22 სმ.
500 _aეძღვნება რ. ხარაძის ხსოვნას
653 _aკავკასიის ხალხთა ეთნოგრაფია
653 _aქართველების ეთნოგრაფია; მთიულები.
700 _aრობაქიძე, ალ.
_eრედაქტორი
_94461
710 _aსაქ. სსრ მეცნ. აკად., ისტორიის, არქეოლოგიისა და ეთნოგრაფიის ინ-ტი.
_91524
942 _cBK
_2udc